000 00543nam a22002057a 4500
005 20210419075541.0
008 210303s1972 ||||| |||| 00| 0 eng d
020 _a0330029665
040 _aeng
_cDLC
041 _aeng
080 _a821.111
_bF-85
100 _9796
_aFrancis,Dick
245 _aRat Race
_c/ by: Pan Books
260 _aNew York
_bPan Books
_c1972
300 _a280 p.
365 _b15.40 eur
650 0 _9254
_aEnglish literature
653 _aინგლისური ლიტერატურა
942 _2udc
_cBK
999 _c1900
_d1900